01017nam a2200265 i 4500001000300000003000400003005001700007008003900024015001800063040001400081080000800095080000900103245010600112260004200218300003200260490005700292500006400349504002400413650002100437655002900458710006400487700004500551830005700596856009800653bgBPK20210701095126.0970612s1991 pl a |100 0 pol aPB 1991/10884 aWA NcBPK a657 a(06)00aProblemy współczesnej rachunkowości :bmateriały z konferencji /cpod red. Teresy Kiziukiewicz. aSzczecin :bWydaw. Naukowe US,c1991. a189 s. :b2 wykr. ;c24 cm.1 aMateriały, Konferencje / Uniwersytet Szczeciński. aNa s. tyt. błędna nazwa serii : Materialy Konferencyjne. aBibliogr. przy ref. 4aRachunkowość 4aMateriały konferencyjne2 aWydawnictwo Naukowe Uniwersytetu Szczecińskiego b 4pbl.1 aKiziukiewicz, Teresad(1947- )eRedakcja 0aMateriały, Konferencje - Uniwersytet Szczeciński, uhttp://koha.tu.koszalin.pl/cgi-bin/koha/opac-detail.pl?biblionumber=30032yKatalog online BPK